Resource use in higher education; trends in output and inputs, 1930 to 1967.

Salvato in:
Dettagli Bibliografici
Autore principale: O'Neill, June
Ente Autore: Carnegie Commission on Higher Education
Natura: Libro
Lingua:English
Pubblicazione: Berkeley, Calif., Carnegie Commission on Higher Education [1971]
Soggetti:
LEADER 00986nam a2200253 4500
001 c000034467
003 CARM
005 00000000000000.0
008 710901s1971 cau b 00000 eng
019 1 |a 56768  |5 LACONCORD2021 
035 |a (OCoLC)160615  |5 LACONCORD2021 
043 |a n-us--- 
050 0 0 |a LB2342  |b .O57 
100 1 |a O'Neill, June. 
245 1 0 |a Resource use in higher education;  |b trends in output and inputs, 1930 to 1967. 
260 |a Berkeley, Calif.,  |b Carnegie Commission on Higher Education  |c [1971] 
300 |a viii, 106 p.  |c 28 cm. 
504 |a Bibliography: p. 103-106. 
650 0 |a Universities and colleges  |z United States  |x Finance  |x History. 
710 2 0 |a Carnegie Commission on Higher Education. 
852 8 |b CARM  |h A2:AI15C0  |i D02124  |p 0036492  |f BK 
082 0 4 |a 658.1/552 
999 f f |i 1de91be4-095e-51a2-abe2-b00d5159e485  |s a97cf53b-c0c1-5d10-803d-e028378c1516 
952 f f |p Can circulate  |a CAVAL  |b CAVAL  |c CAVAL  |d CARM 1 Store  |e D02124  |f A2:AI15C0  |h Other scheme  |i book  |m 0036492